004070000a22001450004500020001500000060000800015082001400023100002300037100002300060245003500083260003800118260000900156300000800165650008800173 a0389206563 a100 a331.4 DAV aDavieloff, Leonore aWestover, Belinda aOur work, Our lives, Our words a New Jersey, Barnes & Noble books c1986 a189 aWomen- employment- Great Britain/ Work family- Great Britain- History- 20th century